| Tag |
First Indicator |
Second Indicator |
Subfields |
| LEADER |
00000cam a2200000 a 4500 |
| 001 |
in00000069620 |
| 005 |
20151008054520.0 |
| 008 |
800121s1979 mx a 00000 spamd |
| 020 |
|
|
|a 9682300401
|
| 035 |
|
|
|a (OCoLC)05898262
|
| 035 |
|
|
|9 AAJ0886AM
|
| 040 |
|
|
|a LRU
|c LRU
|d m.c.
|d TXA
|d UtOrBLW
|
| 049 |
|
|
|a TXAM
|c [1654687]
|
| 090 |
|
|
|a NX458
|b .T47 1979
|
| 245 |
0 |
0 |
|a Territorios /
|c Julio Cortazar.
|
| 250 |
|
|
|a 2a ed.
|
| 264 |
|
1 |
|a Mexico :
|b Siglo Veintiuno Editores,
|c 1979.
|
| 300 |
|
|
|a 140 pages :
|b illustrations ;
|c 19 x 23 cm.
|
| 336 |
|
|
|a text
|b txt
|2 rdacontent
|
| 337 |
|
|
|a unmediated
|b n
|2 rdamedia
|
| 338 |
|
|
|a volume
|b nc
|2 rdacarrier
|
| 650 |
|
0 |
|a Arts.
|
| 650 |
|
0 |
|a Arts, Modern
|y 20th century.
|
| 700 |
1 |
|
|a Cortázar, Julio.
|
| 999 |
|
|
|a MARS
|
| 999 |
f |
f |
|s 9b7ae755-7c8b-38e2-8b74-ed809fccc6b3
|i bcfb5b34-5149-3f80-a91b-b1334ba3e72f
|t 0
|
| 952 |
f |
f |
|p ric
|a Texas A&M University
|b Rellis Campus
|c Joint Library Facility
|d Remote Storage
|t 0
|e NX458 .T47 1979
|h Library of Congress classification
|i unmediated -- volume
|m A14806171393
|
| 998 |
f |
f |
|a NX458 .T47 1979
|t 0
|l Remote Storage
|